| 000 | 00890cam a22002771 4500 | ||
|---|---|---|---|
| 001 | 9867 | ||
| 003 | BD-RjUL | ||
| 005 | 20211208234844.0 | ||
| 008 | 140122s1940 nyuak b 001 0 eng | ||
| 035 | _a(BD-RjUL)9912 | ||
| 035 | _a(OCoLC)3191960 | ||
| 040 |
_aDLC _cScU _dScU _dDLC _dBD-RjUL _beng |
||
| 041 | _aeng | ||
| 082 |
_a016.54 _bMEC 1940 |
||
| 100 | 1 |
_aMellon, M. G. _q(Melvin Guy), _d1893-1993. _930486 |
|
| 245 | 1 | 0 |
_aChemical publications, their nature and use / _cby M. G. Mellon. |
| 250 | _a2nd ed. | ||
| 260 |
_aNew York ; _aLondon : _bMcGraw-Hill book company, inc., _cc1940. |
||
| 300 |
_axii, 284 p. : _bIll. ; _c23 cm. |
||
| 504 | _aIncludes index. | ||
| 650 |
_aChemical literature _xBibliography. _9167315 |
||
| 650 |
_aChemistry _xStudy and teaching. _9167316 |
||
| 942 |
_2ddc _cREF |
||
| 999 |
_c9867 _d9867 |
||